000 00385nam a2200133Ia 4500
005 20260328101505.0
008 260328s9999||||xx |||||||||||||| ||und||
100 _aCapelli, Lucas
245 0 _aSelf-Fab House :
_b 2nd advanced Architecture contest /
_cLucas Capelli
260 _bInstitute for Advanced Architecture
300 _a319 p.
650 _aVIVIENDA DE EMERGENCIA
942 _cBK
999 _c8997
_d8997